000 00455nam a22001457a 4500
999 _c533764
_d533764
020 _qHard Cover.
082 _a616
100 _aMehmood, Atifa
245 _aIsolation and Characterization of Begomoviruses from Islamabad Region /
_cAtifa Mehmood.
260 _aIslamabad:
_bASAB - NUST,
_c2012.
300 _a70 p. :
_bill. ;
_c30cm.
942 _2ddc
_cTHE
700 _aDr. Muhammad Tahir
_919262